Central Library OPAC University of Rajshahi

A history of civilization / (Record no. 63551)

MARC details
000 -LEADER
fixed length control field 00875nam a2200253 a 4500
001 - CONTROL NUMBER
control field 63551
003 - CONTROL NUMBER IDENTIFIER
rucl marc code BD-RjUL
005 - DATE AND TIME OF LATEST TRANSACTION
control field 20211209081217.0
008 - FIXED-LENGTH DATA ELEMENTS--GENERAL INFORMATION
fixed length control field 170131r19571955njuaf b 001 0 eng
035 ## - SYSTEM CONTROL NUMBER
System control number (BD-RjUL)63680
040 ## - CATALOGING SOURCE
Original cataloging agency DLC
Transcribing agency DLC
Modifying agency BD-RjUL
Language of cataloging eng
041 ## - LANGUAGE CODE
Language code of text/sound track or separate title eng
082 00 - DEWEY DECIMAL CLASSIFICATION NUMBER
Classification number 909
Edition number 23
Author mark and year BRH 1957
100 1# - MAIN ENTRY--PERSONAL NAME
Personal name Brinton, Crane,
Dates associated with a name 1898-1968.
9 (RLIN) 188913
245 12 - TITLE STATEMENT
Title A history of civilization /
Statement of responsibility, etc. Crane Brinton, John B. Christopher, Robert Lee Wolff.
260 ## - PUBLICATION, DISTRIBUTION, ETC. (IMPRINT)
Place of publication, distribution, etc. Englewood, Cliffs, N.J. :
Name of publisher, distributor, etc. Prentice-Hall,
Date of publication, distribution, etc. c1955 [sixth printing 1957]
300 ## - PHYSICAL DESCRIPTION
Pagination v. 2
Illustrations ill. ;
Size 28 cm.
504 ## - BIBLIOGRAPHY, ETC. NOTE
Bibliography, etc Includes bibliographies and index.
505 0# - FORMATTED CONTENTS NOTE
Formatted contents note v. 1. Prehistory to 1715.--v. 2. 1715 to the present.
650 #0 - SUBJECT ADDED ENTRY--TOPICAL TERM
Topical term or geographic name as entry element Civilization
9 (RLIN) 170722
700 1# - ADDED ENTRY--PERSONAL NAME
Personal name Christopher, John B.,
Relator term joint author.
Personal name Wolff, Robert Lee,
Relator term joint author.
942 ## - ADDED ENTRY ELEMENTS (KOHA)
Source of classification or shelving scheme Dewey Decimal Classification
Koha item type Books
Holdings
Lost status Source of classification or shelving scheme Damaged status Not for loan Collection code Permanent Location Current Location Shelving location Date acquired Source of acquisition Cost, normal purchase price Total Checkouts Full call number Date last seen Copy number Koha item type
  Dewey Decimal Classification   Not For Loan Non-fiction Central Library, University of Rajshahi Central Library, University of Rajshahi Reading Room 13/04/1990 Provisional book; dept. 50.62   909 BRH 1957 31/01/2017 C-1 Books
  Dewey Decimal Classification   Not For Loan Non-fiction Central Library, University of Rajshahi Central Library, University of Rajshahi Reading Room 25/04/1961 Provincial Book 50.62   909 BRH V-1 1958 13/04/2017 C-1 Books